|
|
|
|
| LEADER |
00000nab a2200000 a 4500 |
| 001 |
vtls009527699 |
| 003 |
SK-MaSNL |
| 005 |
20260426105537.0 |
| 008 |
250506c2007 xo zr|p|||||||000 b|slo |
| 015 |
|
|
|a SNBRB2009/06
|2 snkbucl
|
| 035 |
|
|
|a (uuid)c9f04a75-4922-46ac-894b-710e849a799e
|
| 035 |
|
|
|a urn:nbn:sk:snk-ab30ri
|
| 035 |
|
|
|a (urnnbn)urn:nbn:sk:snk:ar-a04e90
|
| 038 |
|
|
|a SNKBUCL
|
| 040 |
|
|
|a SNKBUCL
|b slo
|c SNKBUCL
|e AACR2
|
| 041 |
0 |
|
|a slo
|
| 044 |
|
|
|a xo
|c SK
|
| 080 |
|
|
|a 314.745.22(437.6)
|2 1997
|
| 100 |
1 |
|
|a Šípoš, Michal
|4 aut
|9 992766
|
| 245 |
1 |
0 |
|a Dočasnosť a neistota, alebo ako asi utečenci na Slovensku vnímajú svoj nový domov?
|c Michal Šípoš
|
| 504 |
|
|
|a Bibliogr. odkazy
|
| 650 |
0 |
7 |
|a imigrácia
|2 snkbucl
|9 3820
|
| 650 |
0 |
7 |
|a utečenci
|2 snkbucl
|9 993
|
| 651 |
|
7 |
|a Slovensko
|2 snkbucl
|9 14231
|
| 773 |
0 |
|
|t Etnologické rozpravy
|g Roč. XIV, č. 2 (2007), s. 147-150
|x 1335-5074
|
| 850 |
|
|
|a Slovenská národná knižnica
|
| 852 |
|
|
|a Slovenská národná knižnica
|
| 954 |
|
|
|a odborná, vedecká literatúra pôvodná (slovenská)
|2 lita
|
| 958 |
|
|
|a article27
|
| 958 |
|
|
|a NB
|
| 958 |
|
|
|a SK
|
| 958 |
|
|
|a OND
|
| 958 |
|
|
|a EUIPO
|
| 999 |
|
|
|c 3353983
|d 3355913
|